000 00284nam a2200133Ia 4500
100 _aWindow Magazine
942 _cBK
654 _aWindows
245 _aEncyclopedia for Windows
260 _bGalgotia
_aNew Delhi
_c1993
082 _a5.1303
_bEDP
546 _aENGLISH
999 _c17910
_d17910